000 00824cam a2200265 4500
001 21634
003 BD-RjUL
005 20211209000718.0
008 140305s1957 nyuab b 001 0 eng d
035 _a(BD-RjUL) 21699
040 _aDLC
_cDLC
_dDLC
_dBD-RjUL
_beng
041 1 _aengger
082 0 0 _a957
_bTHS 1957
100 1 _aThiel, Erich.
_966797
245 1 4 _aThe Soviet Far East :
_ba survey of its physical and economic geography /
_cTranslated by Annelie and Ralph M. Rookwood.
260 _aNew York :
_bPraeger,
_c1957
300 _a388 p. :
_billus., maps (part fold.),
_c23 cm.
490 0 _aBooks that matter
504 _aBibliography: p. 363-377.
651 0 _aRussian Far East (Russia)
_98388
942 _2ddc
_cBK
999 _c21634
_d21634